[Event "USA-ch"]
[Site "Saint Louis"]
[Date "2017.04.05"]
[Round "7"]
[White "Zherebukh, Yaroslav"]
[Black "Caruana, Fabiano"]
[Result "1-0"]
[WhiteElo "2605"]
[BlackElo "2817"]
[Annotator "Yermolinsky,A"]
[PlyCount "101"]
[EventDate "2017.03.29"]
[EventType "tourn"]
[EventRounds "11"]
[EventCountry "USA"]
[EventCategory "18"]
[SourceTitle "CBM 178"]
[Source "ChessBase"]
[SourceDate "2017.05.14"]
[SourceVersion "1"]
[SourceVersionDate "2017.05.14"]
[SourceQuality "1"]

1. e4 e5 2. Nf3 Nc6 3. Bb5 a6 4. Ba4 Nf6 5. O-O Be7 6. Re1 b5 7. Bb3 d6 8. c3
O-O 9. h3 Nb8 10. d4 Nbd7 11. Nbd2 Bb7 12. Bc2 Re8 13. Nf1 Bf8 14. Ng3 g6 15.
a4 c5 16. d5 c4 17. Bg5 {The Spanish torture - this is how playing such
positions has long been characterized. In the bad old Soviet days every
Russian schoolboy was tasked to learn the classical Closed Spanish Game
first-hand for both White and Black.} h6 ({The famous game Anand-Carlsen,
Norway Chess 2015 comes to mind:} 17... Bg7 $2 18. Qd2 Rb8 {One of the
problems plaguing Black is his inabilty to get the bishop out of b7 without
surrendering the a-file to the white rook.} (18... Nc5 19. Nh2 h5 {is standard.
}) 19. Nh2 Bc8 {Magnus decided to part with the bishop, which handed White
free attacking prospects. Vishy didn't miss his chance.} 20. Ng4 Nc5 21. Nh6+
Bxh6 22. Bxh6 {1-0(47)}) 18. Be3 Nc5 19. Qd2 h5 20. Bg5 Bg7 $2 {I wonder what
brought Fabiano Caruana to choose this opening line. It is hard to see it as
an attempt to play for a win, as the patterns of play for White have long been
mapped out and drilled into our thick heads. Anyway, Black's last move is
wrong. Leaving the knight pinned will soon prompt Fabiano to move his queen
away from the kingside.} (20... Be7 21. Ra3 Nfd7 {is the right plan.} 22. Bh6
Nb6 $1 23. a5 Nbd7 {Having forced the issue on the other side Black now
returns to his defensive duties. With good luck and some tail wind he may even
survive this.}) 21. Rf1 (21. Nh4 Qc7 22. Bh6 Bh8 23. f4 exf4 24. Qxf4 {is more
direct, albeit this kind of play may actually help Black to focus on the task
at hand, rather than sit there and wonder why he chose this way in the first
place.}) 21... Qc7 22. Bh6 Bh8 (22... Bxh6 23. Qxh6 Qe7 24. Ng5 Qf8 25. Nf5 $1
{is one of those tactical tricks White always seems to have in his possession.
Now} Rad8 26. axb5 axb5 27. Ra7 {surrenders the a-file, while the kingside
bind is impossible to break.}) (22... Nh7 {may have been best, as} 23. Nh4 Qd8
24. Nhf5 Bf6 {leads White nowhere. For now.}) 23. Ng5 {White clears out for
the f2-f4 push.} Nh7 24. Nxh7 Kxh7 25. Be3 Qe7 26. f4 exf4 27. Bxf4 ({Also
good for White was} 27. Rxf4 Be5 28. Rf3 f6 29. Ne2 $14 {Unlike similar King's
Indian structures, here White wisely kept his pawn on c3, while Black
inadvertantly surrendered the d4-square to the white knight.}) 27... Kg8 28.
Rf3 Bg7 29. Raf1 Nd7 $2 {Such a logical move, yet a decisive mistake.} 30. Bh6
$1 Bxh6 ({The desirable move} 30... Be5 {loses the f7-pawn. White may even
choose} 31. Nxh5 gxh5 ({"better" is} 31... Rf8 {but I find it hard to comment
on this.}) 32. Rxf7 Qxf7 33. Qg5+ Qg7 34. Bxg7 Bxg7 35. e5 $1 {to bring the
point home in style.}) 31. Qxh6 Qf8 32. Qd2 $2 {Probably, the only moment in
the whole game where Yaro's play can be criticized.} (32. Nf5 $1 {would have
saved Fabiano from unnecessary suffering and let the spectators back home in
time for dinner. There may follow:} Ne5 33. Rg3 Qxh6 34. Nxh6+ Kg7 (34... Kf8
35. Rxg6 $1) 35. Nf5+ Kf8 36. Nxd6 Re7 37. Rg5 Bc8 38. Rxe5 Rxe5 39. Rxf7+ Kg8
40. Rc7 {it's not entirely forced, but you get my drift.}) 32... Ne5 33. Rf6
Rad8 34. Qg5 Qg7 35. Bd1 (35. Ne2 bxa4 36. Bxa4 Rf8 37. Nd4 Bc8 38. Nc6 $18 {
as another way into Black's poorly insulated fortress.}) 35... Bc8 36. Qh4 Kf8
37. Qf4 Qg8 {It is really sad to see Fabiano reduced to such pathetic little
moves. On top of everything, he was in big time trouble.} 38. Kh1 ({Knowing
that he had the game in hand, Yaro wouldn't allow even a slightest mess:} 38.
Bxh5 gxh5 39. Nxh5 Bxh3 40. Qh6+ Ke7 41. Ng7 Bg4) 38... Re7 39. Bxh5 bxa4 (
39... gxh5 40. Nxh5 Red7 41. Re6 $1 {Piece of cake.} Qh7 42. Rh6 Qg8 43. Qf6
$18) 40. Bd1 Qg7 41. Bxa4 Qh7 42. Qg5 a5 ({Black could have made some noise:} 
42... Bxh3 43. gxh3 Qxh3+ 44. Kg1 Ng4 45. Rxf7+ Rxf7 46. Qxd8+ Kg7 47. Rxf7+
Kxf7 48. Nf1 Qf3 {but, of course,} 49. Qc7+ Kg8 50. Qb8+ Kg7 51. Qa7+ Kh6 52.
Qd4 {beats it off easily.}) 43. Kg1 Qh8 44. R1f4 Qg7 45. Rh4 Nd3 46. Rh6 Ne5 ({
Not even the last snack is afforded before the execution:} 46... Nxb2 47. Rhxg6
) 47. Rf4 Bd7 48. Qh4 Kg8 49. Qxe7 Re8 50. Qg5 Bxa4 51. Rf6 {Finally, Caruana
resigned.} 1-0